LEADER 00767cam0 22002411 450 001 SOBE00023683 005 20150511094204.0 100 $a20120320d1987 |||||ita|0103 ba 101 $aeng 102 $aGB 200 1 $aSecond-language learning and teaching$fD. A. Wilkins 210 $aLondon [etc.]$cArnold$d1987 215 $aX, 86 p.$d22 cm 700 1$aWilkins$b, David A.$3A600200051335$4070$0153157 801 0$aIT$bUNISOB$c20150511$gRICA 850 $aUNISOB 852 $aUNISOB$j820$m56617 912 $aSOBE00023683 940 $aM 102 Monografia moderna SBN 941 $aM 957 $a820$b001015$gSI$d56617$1rovito$2UNISOB$3UNISOB$420120320101015.0$520120320101030.0$6rovito 996 $aSecond-language learning and teaching$91718487 997 $aUNISOB LEADER 01138nam0 22002531i 450 001 UON00091229 005 20231205102511.137 100 $a20020107d1995 |0itac50 ba 101 $aita 102 $aIT 105 $a|||| ||||| 200 1 $aAlcune platee del centro storico di Napoli$eCostruzione di una base di conoscenza fondata su un'indagine scientifica$fErnesto Burattini e Giorgio Castiello; implementazione informatica di G. Della Monica 210 $as.l.$cCNR, Ist. di Cibernetica$d1995 207 p.$cill. ; 23 cm 606 $aArcheologia$xCampania$3UONC027125$2FI 686 $aN2$cTOPOGRAFIA ITALIA ANTICA$2A 700 1$aBURATTINI$bErnesto$3UONV058663$0514811 701 1$aCASTIELLO$bGiorgio$3UONV058664$0270471 712 $aCNR$3UONV248192$4650 801 $aIT$bSOL$c20250328$gRICA 899 $aSIBA - SISTEMA BIBLIOTECARIO DI ATENEO$2UONSI 912 $aUON00091229 950 $aSIBA - SISTEMA BIBLIOTECARIO DI ATENEO$dSI N 2 NAPOLI 007 $eSI MC 18507 5 996 $aAlcune platee del centro storico di Napoli$91304284 997 $aUNIOR